000 00807nas a2200277 4500
001 BR9803515
003 BR-BrBNA
005 20231205100825.0
007 ta
008 230509b bl.|||p| |||| 00| 00por d
040 _aBR-BrBNA
_bpor
_cBiblioteca Nacional de Agricultura
041 _a(Pt)
072 _aL40
100 1 _aCanellas, L.F.L.
100 1 _aSouza, W.M. de
100 1 _aMiglino, M.A.
100 1 _aPerri, S.H.V.
245 1 _aCaracteristicas anatomicas das pregas palatinas transversais em bovino da raca Nelore
650 _aBovino
650 _aGado Nelore
650 _aBoca
650 _aAnatomia Animal
773 0 _tRevista Unimar (Brazil)
_xISSN 0100-9354
_g(Aug 1995), v. 17(2) p. 281-290
_wBR9803515
909 _a202311
_bLúcia
_c55
_dLúcia Elande
942 _2AGRIS
_n0
_cANA
999 _c158299
_d158299